000 01153nam a2200253Ia 4500
999 _c44435
_d44435
001 11203
003 GE_BSU
005 20260427150322.0
008 181216s1961||||ge |||||||||||||| ||geo||
040 _cGE_BSU
041 _ageo
080 _a63 ც-98
100 _aცხომარია, დ.
_927382
245 _aაგრობიოლოგიური მეცნიერება და მიწათმოქმედების კულტურა /
_cდავით ცხომარია; რედ: ლ. ბერძენიშვილი.
264 _aთბ. :
_bსაბჭ. საქართველო,
_c1961.
300 _a232 გვ.;
_b23 სმ.
300 _eრეზიუმე რუსულ ენაზე გვ.220
504 _aბიბლიოგრ. შენიშვნებში.
520 _aრეზ. რუს. ენ.
653 _aმიწათმოქმედება
653 _aაგრობიოლოგიური მეცნიერება
700 _aერძენიშვილი, ლ.
_eრედაქტორი
_927383
942 _cBK
_2udc